LDR 01033naa#a2200181#i#450# 001 RU\\bibl\126786 005 20260701131707.3 011 ## _a1815-588X 100 ## _a20260630b2026####ek#y0rusy0150####ca 102 ## _aRU 200 1# _aВыбор станции дислокации для отставленных от движения поездов в пути следования как инструмент повышения эффективности работы транспортной системы _eЖурнальная статья 210 1# _aСанкт-Петербург _cФГБОУ ВО "Петербургский государственный университет путей сообщения Императора Александра I" _d2026 215 ## _a7 с. 608 ## _aЖурнальная статья _2local 675 ## _aТарифы. Билеты. Сборы. 656.03 _z 700 #1 _aАманов _gМаксим Маратович 700 #1 _aТимухин _gКирилл Максимович 856 4# _aitt-pgups.ru _u